Państwa Europy z największą ilością krów - Statystyki

Ogólne statystyki
  • Ten quiz został rozwiązany 29 razy
  • Średni wynik to 9 z 10
Statystyki odpowiedzi
Hint Odpowiedź % Poprawnych
6,3M Hiszpania
100%
10,8M Niemcy
100%
6,0M Włochy
100%
16,8M Francja
96%
6,3M Polska
96%
17,5M Rosja
96%
9,6M Wielka Brytania
96%
6,5M Irlandia
81%
16,4M Turcja
77%
4,2M Białoruś
69%
Nie znaleziono quizów pasujących do podanych kryteriów
Rozkład punktacji
Procent ludzi z każdym wynikiem
Percentyl według liczby udzielonych odpowiedzi
Twoja historia wyników
Nie rozwiązałeś tego quizu